000 00714nam a22002531 4500
001 14335
003 BD-RjUL
005 20211208235618.0
008 140205s1957 nyua 001 0 eng
035 _a(BD-RjUL)
040 _aDLC/ICU
_cICU
_dDLC
_dBD-RjUL
_beng
041 _aeng
082 0 0 _a621.38
_bDET
100 1 _aDeWitt, David.
_942361
245 1 0 _aTransistor electronics /
_c David DeWitt [and] Arthur L. Rossoff.
260 _aNew York :
_bMcGraw-Hill,
_c1957.
300 _a381 p. :
_billus. ;
_c24 cm.
504 _aIncludes index.
650 0 _aTransistors.
_944743
700 1 _aRossoff, Arthur L.,
_ejoint author.
_942363
942 _2ddc
_cBK
999 _c14335
_d14335